| 000 | 01126cam a2200205 4500 | ||
|---|---|---|---|
| 001 | X121228 | ||
| 008 | 030204n2003 000 0 eng u | ||
| 035 | _a(Sirsi) u121228 | ||
| 245 | _aConstruction industry will slow down despite increased spending | ||
| 260 | _c2003 | ||
| 490 |
_aRICS Press Release _v31 January 2003, (1) |
||
| 520 | _aConstruction Products Association forecasts that the growth in construction output is expected to slow significantly in the next 2 years before picking up again in 2005. The decline will be led by a sharp fall in private sector investment over the next two years. This will reduce output growth to 3.7% in 2003 and 0.6% in 2004. For the RICS news story: http://www.rics.org/ricscms/bin/show?class=News&template=/includes/shownews.html&id=4755 For the CPA news release: http://www.constprod.org.uk/download/pr/Forecast%20PR%2010.01.03.doc | ||
| 590 | _aWB | ||
| 650 | _aCONSTRUCTION PRODUCTS ASSOCIATION | ||
| 650 | _aCONSTRUCTION OUTPUT | ||
| 650 | _aCONSTRUCTION GROWTH | ||
| 650 | _aPUBLIC SECTOR CONSTRUCTION | ||
| 690 | _aBUILDING AND CONSTRUCTION-ECONOMICS | ||
| 942 | _n0 | ||
| 999 |
_c72044 _d72044 |
||